[Event "SVK-chT2A 1920"]
[Site "Slovakia"]
[Date "2020.02.15"]
[Round "8.6"]
[White "Bella, Julius"]
[Black "Pobjecky, Ivan"]
[Result "1-0"]
[WhiteElo "1917"]
[BlackElo "2041"]
[PlyCount "72"]
[EventDate "2019.10.26"]
[EventType "team-tourn"]
[EventRounds "11"]
[EventCountry "SVK"]
[SourceTitle "CBM 195 Extra"]
[Source "ChessBase"]
[SourceDate "2020.05.31"]
[SourceVersion "1"]
[SourceVersionDate "2020.05.31"]
[SourceQuality "1"]
[WhiteTeam "Trnava Sered"]
[BlackTeam "Piestany Kupele"]
[WhiteTeamCountry "SVK"]
[BlackTeamCountry "SVK"]

1. e4 c5 2. Nf3 d6 3. d4 cxd4 4. Nxd4 Nf6 5. Nc3 a6 6. f3 e6 7. Be3 Qc7 8. Qd2 Nc6 9. 0-0-0 Be7 10. g4 Nxd4 11. Bxd4 e5 12. Be3 Be6 13. g5 Nd7 14. Nd5 Bxd5 15. Qxd5 Rc8 16. Qd2 Nc5 17. h4 0-0 18. Bh3 Ne6 19. Rh2 Qc4 20. Kb1 Qc6 21. h5 Rc7 22. g6 Nd8 23. gxh7+ Kh8 24. Rg1 f6 25. Qg2 Rf7 26. Bf5 Bf8 27. Bg6 Rfe7 28. h6 Ne6 29. hxg7+ Bxg7 30. Qd2 Rcd7 31. Bf5 Qc8 32. Bh6 Ng5 33. Bxg5 fxg5 34. Bxd7 Qxd7 35. Qxg5 Rf7 36. Qe3 Qe7 1-0

[Event "SVK-chT2A 1920"]
[Site "Slovakia"]
[Date "2020.01.26"]
[Round "7.7"]
[White "Kanka, Tomas"]
[Black "Pobjecky, Ivan"]
[Result "0-1"]
[WhiteElo "1762"]
[BlackElo "2055"]
[PlyCount "118"]
[EventDate "2019.10.26"]
[EventType "team-tourn"]
[EventRounds "11"]
[EventCountry "SVK"]
[SourceTitle "CBM 194 Extra"]
[Source "ChessBase"]
[SourceDate "2020.03.31"]
[SourceVersion "1"]
[SourceVersionDate "2020.03.31"]
[SourceQuality "1"]
[WhiteTeam "Gbely Nafta"]
[BlackTeam "Piestany Kupele"]
[WhiteTeamCountry "SVK"]
[BlackTeamCountry "SVK"]

1. e4 c5 2. d4 cxd4 3. Nf3 d6 4. c3 dxc3 5. Nxc3 Nf6 6. e5 Ng8 7. Bb5+ Bd7 8. 0-0 Bxb5 9. Nxb5 a6 10. Qa4 Nc6 11. Nbd4 Qa5 12. Qxa5 Nxa5 13. exd6 exd6 14. Bg5 f6 15. Rfe1+ Kf7 16. Bd2 Nc4 17. Rac1 d5 18. Bc3 Ne7 19. b3 Nd6 20. Bb4 Nef5 21. Rc7+ Kg6 22. Nxf5 Nxf5 23. Bd2 h5 24. Rxb7 Bc5 25. Rc1 Rhc8 26. h3 Nd6 27. Nh4+ Kh7 28. Rd7 Ne4 29. Be3 Bxe3 30. Rxc8 Bxf2+ 31. Kf1 Rxc8 32. Nf5 Ng3+ 33. Nxg3 Bxg3 34. Rxd5 Be5 35. Ra5 Rc6 36. Kf2 h4 37. Kf3 Kg6 38. Ra4 Bg3 39. Ke4 Kf7 40. Kd5 Rd6+ 41. Kc5 Ke6 42. Re4+ Kd7 43. a4 g5 44. b4 Bf2+ 45. Kc4 Re6 46. Kd5 Rxe4 47. Kxe4 Be1 48. b5 axb5 49. axb5 Kd6 50. Kf5 Bc3 51. Ke4 Kc5 52. b6 Kxb6 53. Kd3 Be5 54. Ke4 Kc5 55. Kd3 Kd5 56. Ke3 Bd4+ 57. Kf3 Ke5 58. Ke2 Kf4 59. Kf1 Kg3 0-1

[Event "SVK-chT2A 1112"]
[Site "Slovakia"]
[Date "2011.11.05"]
[Round "3.5"]
[White "Pobjecky, Ivan"]
[Black "Hecht, Tomas"]
[Result "1/2-1/2"]
[WhiteElo "2058"]
[BlackElo "1982"]
[PlyCount "33"]
[EventDate "2011.10.08"]
[EventType "team-tourn"]
[EventRounds "11"]
[EventCountry "SVK"]
[SourceTitle "EXT 2013"]
[Source "ChessBase"]
[SourceDate "2012.11.22"]
[SourceVersion "1"]
[SourceVersionDate "2012.11.22"]
[SourceQuality "1"]
[WhiteTeam "Piestany Kupele"]
[BlackTeam "Bratislava Doprastav"]
[WhiteTeamCountry "SVK"]
[BlackTeamCountry "SVK"]

1. e4 c5 2. Nf3 Nc6 3. d4 cxd4 4. Nxd4 g6 5. Nc3 Bg7 6. Be3 Nf6 7. Be2 0-0 8. Qd2 d5 9. exd5 Nxd5 10. Nxd5 Qxd5 11. Bf3 Qe5 12. c3 Nxd4 13. cxd4 Qb5 14. Be2 Qd5 15. Bf3 Qb5 16. Be2 Qd5 17. Bf3 1/2-1/2

[Event "SVK-chT3A2 0607"]
[Site "Slovakia"]
[Date "2007.03.25"]
[Round "11"]
[White "Janko, Ladislav"]
[Black "Pobjecky, Ivan"]
[Result "1-0"]
[WhiteElo "2180"]
[BlackElo "2048"]
[PlyCount "41"]
[EventDate "2006.10.08"]
[EventType "team-tourn"]
[EventRounds "11"]
[EventCountry "SVK"]
[SourceTitle "EXT 2008"]
[Source "ChessBase"]
[SourceDate "2007.11.25"]
[SourceVersion "1"]
[SourceVersionDate "2007.11.25"]
[SourceQuality "1"]
[WhiteTeam "Gabcikovo"]
[BlackTeam "Piestany Kupele II"]
[WhiteTeamCountry "SVK"]
[BlackTeamCountry "SVK"]

1. e4 c5 2. Nf3 Nc6 3. d4 cxd4 4. Nxd4 Nf6 5. Nc3 d6 6. Be2 a6 7. Be3 g6 8. 0-0 Bg7 9. f4 0-0 10. Nb3 Qc7 11. g4 e6 12. g5 Nd7 13. Qd2 Rd8 14. Bg4 Nc5 15. Qf2 Ne7 16. Nxc5 dxc5 17. Bxc5 Re8 18. Rad1 Bd7 19. Bd6 Qc6 20. e5 Rac8 21. Bf3 1-0

[Event "SVK-chT3A2 0607"]
[Site "Slovakia"]
[Date "2007.01.28"]
[Round "7"]
[White "Pobjecky, Ivan"]
[Black "Krchnak, Rudolf"]
[Result "1-0"]
[WhiteElo "2048"]
[BlackElo "1950"]
[PlyCount "49"]
[EventDate "2006.10.08"]
[EventType "team-tourn"]
[EventRounds "11"]
[EventCountry "SVK"]
[SourceTitle "EXT 2008"]
[Source "ChessBase"]
[SourceDate "2007.11.25"]
[SourceVersion "1"]
[SourceVersionDate "2007.11.25"]
[SourceQuality "1"]
[WhiteTeam "Piestany Kupele II"]
[BlackTeam "Vrbove"]
[WhiteTeamCountry "SVK"]
[BlackTeamCountry "SVK"]

1. e4 c5 2. Nf3 d6 3. d4 cxd4 4. Nxd4 Nf6 5. Nc3 a6 6. Bg5 e6 7. Qd2 Be7 8. 0-0-0 0-0 9. f3 Qc7 10. g4 Nbd7 11. h4 Ne5 12. h5 b5 13. h6 g6 14. Qf4 Ned7 15. Qe3 Bb7 16. Bh3 Rfc8 17. Bxf6 Nxf6 18. Qd2 b4 19. Nce2 d5 20. g5 Ne8 21. Nxe6 Qa5 22. Kb1 Rcb8 23. exd5 Bc8 24. Qf4 fxe6 25. dxe6 1-0

[Event "SVK-chT1W 0506"]
[Site "Slovakia"]
[Date "2005.??.??"]
[Round "?"]
[White "Pobjecky, Ivan"]
[Black "Cambel, Vladimir"]
[Result "1-0"]
[WhiteElo "2025"]
[BlackElo "2080"]
[PlyCount "37"]
[EventDate "2005.10.15"]
[EventType "team-tourn"]
[EventRounds "11"]
[EventCountry "SVK"]
[SourceTitle "EXT 2008"]
[Source "ChessBase"]
[SourceDate "2007.11.25"]
[SourceVersion "1"]
[SourceVersionDate "2007.11.25"]
[SourceQuality "1"]

1. e4 g6 2. d4 Bg7 3. Nc3 d6 4. f4 Nf6 5. Nf3 0-0 6. Be2 Nbd7 7. e5 Ne8 8. Be3 c5 9. Qd2 Qa5 10. Nd5 Qxd2+ 11. Kxd2 e6 12. Ne7+ Kh8 13. c3 a6 14. h4 h5 15. Ng5 Bh6 16. g4 hxg4 17. h5 gxh5 18. Rxh5 Kg7 19. Rxh6 1-0

[Event "SVK-chT1W 0506"]
[Site "Slovakia"]
[Date "2005.??.??"]
[Round "?"]
[White "Szollos, Ondrej"]
[Black "Pobjecky, Ivan"]
[Result "1-0"]
[WhiteElo "2150"]
[BlackElo "2025"]
[PlyCount "111"]
[EventDate "2005.10.15"]
[EventType "team-tourn"]
[EventRounds "11"]
[EventCountry "SVK"]
[SourceTitle "EXT 2008"]
[Source "ChessBase"]
[SourceDate "2007.11.25"]
[SourceVersion "1"]
[SourceVersionDate "2007.11.25"]
[SourceQuality "1"]

1. Nf3 g6 2. d3 Bg7 3. c3 d6 4. e4 e5 5. Be2 Ne7 6. 0-0 0-0 7. Be3 f5 8. Qb3+ Kh8 9. Bg5 h6 10. Bxe7 Qxe7 11. Nbd2 Nd7 12. Qc2 f4 13. d4 g5 14. h3 Nf6 15. dxe5 dxe5 16. Nc4 Nd7 17. Nh2 Nb6 18. Nxb6 axb6 19. a3 Be6 20. c4 Rad8 21. Rad1 Kh7 22. Rxd8 Rxd8 23. Rd1 Kg6 24. Rxd8 Qxd8 25. Bg4 Bxg4 26. Nxg4 Qd7 27. Nh2 h5 28. Nf3 Bf6 29. Qd2 Qe7 30. Qd5 c6 31. Qg8+ Bg7 32. Qc8 Bf6 33. b4 Kh6 34. b5 c5 35. Qg8 Qd7 36. Qd5 Qxd5 37. cxd5 Kg6 38. Nd2 Bd8 39. Kf1 Kf6 40. Ke2 Bc7 41. Kd3 Bd8 42. Kc4 Ke7 43. a4 Kd7 44. Kb3 g4 45. hxg4 hxg4 46. f3 g3 47. Nc4 Bc7 48. a5 bxa5 49. b6 Bb8 50. Ka4 Bd6 51. Kxa5 Bb8 52. Kb5 Ke7 53. Kxc5 Kd7 54. d6 Ke6 55. d7 Kxd7 56. Kd5 1-0

[Event "SVK-chT1W 0203"]
[Site "Slovakia"]
[Date "2003.02.08"]
[Round "8.6"]
[White "Ac, Alexander"]
[Black "Pobjecky, Ivan"]
[Result "1/2-1/2"]
[WhiteElo "2099"]
[BlackElo "2005"]
[PlyCount "116"]
[EventDate "2002.10.12"]
[EventType "team-tourn"]
[EventRounds "11"]
[EventCountry "SVK"]
[SourceTitle "EXT 2005"]
[Source "ChessBase"]
[SourceDate "2004.11.15"]
[SourceVersion "1"]
[SourceVersionDate "2004.11.15"]
[SourceQuality "1"]
[WhiteTeam "Devinska Nova Ves"]
[BlackTeam "Bratislava PI"]
[WhiteTeamCountry "SVK"]
[BlackTeamCountry "SVK"]

1. e4 c5 2. Nf3 Nc6 3. d4 cxd4 4. Nxd4 Nf6 5. Be3 Nxe4 6. Bd3 Nf6 7. Nc3 g6 8. 0-0 Bg7 9. a3 0-0 10. Be2 e5 11. Nxc6 dxc6 12. Bc5 Qxd1 13. Raxd1 Re8 14. f3 Be6 15. Ne4 Nxe4 16. fxe4 Bf8 17. Be3 Kg7 18. g4 f6 19. Kg2 Be7 20. h3 b6 21. Ba6 Rad8 22. Rxd8 Rxd8 23. Be2 Rf8 24. Bd3 c5 25. c3 Rd8 26. Rd1 f5 27. gxf5 gxf5 28. exf5 Bxf5 29. Be2 Rxd1 30. Bxd1 Kg6 31. b3 Bg5 32. Bxg5 Kxg5 33. Kg3 h6 34. h4+ Kf6 35. Be2 Bc2 36. b4 Kf5 37. Kf3 Be4+ 38. Ke3 Bc2 39. Kf3 e4+ 40. Ke3 Ke5 41. bxc5 bxc5 42. Bh5 Kf5 43. Be2 Bb1 44. Bd1 Bd3 45. Bh5 Bf1 46. Kf2 Bh3 47. Kg3 Bf1 48. Kf2 Bc4 49. Ke3 Be6 50. Bd1 Ke5 51. Bc2 Bd5 52. Bd1 a5 53. Be2 Be6 54. Bd1 Bh3 55. Bc2 Bg2 56. Ba4 Bf3 57. Bc6 Kf5 58. Bd7+ Ke5 1/2-1/2

[Event "SVK-chT1W 0203"]
[Site "Slovakia"]
[Date "2002.11.09"]
[Round "3.5"]
[White "Labar, Eduard"]
[Black "Pobjecky, Ivan"]
[Result "1/2-1/2"]
[WhiteElo "2049"]
[BlackElo "2005"]
[PlyCount "130"]
[EventDate "2002.10.12"]
[EventType "team-tourn"]
[EventRounds "11"]
[EventCountry "SVK"]
[SourceTitle "EXT 2005"]
[Source "ChessBase"]
[SourceDate "2004.11.15"]
[SourceVersion "1"]
[SourceVersionDate "2004.11.15"]
[SourceQuality "1"]
[WhiteTeam "Bratislava Slovan"]
[BlackTeam "Bratislava PI"]
[WhiteTeamCountry "SVK"]
[BlackTeamCountry "SVK"]

1. d4 Nf6 2. Nf3 g6 3. Bg5 Bg7 4. Nbd2 0-0 5. e4 d6 6. Bc4 c6 7. Bb3 Nbd7 8. 0-0 e5 9. dxe5 dxe5 10. c3 Qc7 11. Qe2 Nc5 12. Bc2 Ne6 13. Be3 Ng4 14. g3 Nxe3 15. Qxe3 b6 16. Rad1 Ba6 17. Rfe1 Rad8 18. Nb3 Qe7 19. Rxd8 Rxd8 20. Rd1 Rxd1+ 21. Bxd1 Qd6 22. Bc2 f6 23. h4 h5 24. Qd2 Qe7 25. Nc1 Kh7 26. Nb3 Bh6 27. Qd1 Nc7 28. Kg2 Bc4 29. a4 Be6 30. Qd3 Bc8 31. Qd1 Bg4 32. Qd3 Ne8 33. Nbd2 Nd6 34. Nc4 Nxc4 35. Qxc4 Qe6 36. Qa6 Qd7 37. Bb3 b5 38. axb5 cxb5 39. Qxf6 Bxf3+ 40. Qxf3 Bg7 41. Bd5 a5 42. Qd3 Qe8 43. Qe3 Qb8 44. Qc5 Bf8 45. Qc6 b4 46. cxb4 axb4 47. Qf6 Bg7 48. Qf7 Qf8 49. Qe6 Qd8 50. b3 Qf8 51. Qd7 Qf6 52. Qe8 Qf8 53. Qb5 Qe7 54. Qb8 Qf8 55. Qb7 Qd6 56. Bf7 Kh6 57. Qc8 Qe7 58. Bg8 Bf8 59. Bd5 Kg7 60. Qc6 Qd6 61. Qe8 Qe7 62. Bc6 Qxe8 63. Bxe8 Kf6 64. f4 Bd6 65. Kf3 Bc7 1/2-1/2

[Event "SVK-chT2W 0102"]
[Site "Slovakia"]
[Date "2002.03.16"]
[Round "10.6"]
[White "Pobjecky, Ivan"]
[Black "Syc, Marian"]
[Result "1-0"]
[WhiteElo "2063"]
[BlackElo "1901"]
[PlyCount "38"]
[EventDate "2001.10.??"]
[EventType "team"]
[EventRounds "11"]
[EventCountry "SVK"]
[SourceTitle "EXT 2006"]
[Source "ChessBase"]
[SourceDate "2005.11.24"]
[SourceVersion "1"]
[SourceVersionDate "2005.11.24"]
[SourceQuality "1"]

1. e4 c5 2. Nf3 g6 3. Nc3 Bg7 4. d4 cxd4 5. Nxd4 Nc6 6. Be3 Qa5 7. Qd2 Nf6 8. f3 0-0 9. 0-0-0 a6 10. Nb3 Qc7 11. Bh6 b5 12. h4 Na5 13. h5 Nxb3+ 14. axb3 Nxh5 15. Bxg7 Kxg7 16. g4 Nf4 17. Nd5 Nxd5 18. Qh6+ Kf6 19. g5+ Ke6 1-0

[Event "SVK-chT3A 0001"]
[Site "Slovakia"]
[Date "2000.??.??"]
[Round "6"]
[White "Pobjecky, Ivan"]
[Black "Rohacek, Miroslav"]
[Result "1/2-1/2"]
[WhiteElo "2105"]
[BlackElo "2130"]
[PlyCount "55"]
[EventDate "2000.??.??"]
[EventType "team"]
[EventRounds "9"]
[EventCountry "SVK"]
[SourceTitle "EXT 2002"]
[Source "ChessBase"]
[SourceDate "2001.11.25"]
[SourceVersion "1"]
[SourceVersionDate "2001.11.25"]
[SourceQuality "1"]

1. e4 Nf6 2. e5 Nd5 3. d4 d6 4. c4 Nb6 5. exd6 cxd6 6. h3 g6 7. Nf3 Bg7 8. Nc3 0-0 9. Be3 e6 10. Qd2 e5 11. Rd1 Nc6 12. d5 Nd4 13. Nxd4 exd4 14. Bxd4 Re8+ 15. Be3 Qg5 16. Qe2 Qf6 17. Qf3 Qxf3 18. gxf3 f5 19. Kd2 Bd7 20. Bd3 Rec8 21. b3 Bxc3+ 22. Kxc3 Nxd5+ 23. Kd4 Nb4 24. Bb1 Bc6 25. Kc3 Na6 26. Rxd6 Bxf3 27. Rg1 Kf8 28. Rd7 1/2-1/2

[Event "SVK-chT2A 9798"]
[Site "Slovakia"]
[Date "1998.??.??"]
[Round "?"]
[White "Horak, Ivan"]
[Black "Pobjecky, Ivan"]
[Result "1-0"]
[WhiteElo "2045"]
[BlackElo "2000"]
[PlyCount "43"]
[EventDate "1997.??.??"]
[EventType "team"]
[EventRounds "11"]
[EventCountry "SVK"]
[SourceTitle "EXT 2001"]
[Source "ChessBase"]
[SourceDate "2000.11.22"]
[SourceVersion "1"]
[SourceVersionDate "2000.11.22"]
[SourceQuality "1"]

1. e4 d6 2. d4 Nf6 3. f3 g6 4. Be3 Bg7 5. c4 0-0 6. Nc3 e5 7. d5 Nh5 8. g4 Nf4 9. Qd2 f5 10. gxf5 gxf5 11. 0-0-0 fxe4 12. fxe4 Kh8 13. Nce2 Bg4 14. Re1 Qh4 15. Ng3 Nd7 16. Bd3 Nc5 17. Bc2 a5 18. Kb1 b6 19. Nf5 Bxf5 20. exf5 Bh6 21. Nf3 Rf6 22. Nxh4 1-0

[Event "SVK-chT1W 9798"]
[Site "Slovakia"]
[Date "1997.??.??"]
[Round "?"]
[White "Baroska, Alfred"]
[Black "Pobjecky, Ivan"]
[Result "1-0"]
[WhiteElo "1880"]
[BlackElo "2000"]
[PlyCount "147"]
[EventDate "1997.??.??"]
[EventType "team"]
[EventRounds "11"]
[EventCountry "SVK"]
[SourceTitle "EXT 1999"]
[Source "ChessBase"]
[SourceDate "1998.11.16"]
[SourceVersion "1"]
[SourceVersionDate "1998.11.16"]
[SourceQuality "1"]

1. e4 d6 2. d4 Nf6 3. Nc3 g6 4. Nf3 Bg7 5. d5 0-0 6. Bd3 Bg4 7. h3 Bxf3 8. Qxf3 Nbd7 9. Bd2 c6 10. dxc6 bxc6 11. 0-0 Ne5 12. Qe2 Nxd3 13. cxd3 e5 14. Rab1 Nd7 15. Na4 f5 16. Rbc1 Rc8 17. Rc2 f4 18. f3 Nf6 19. Rfc1 Qd7 20. b3 g5 21. d4 exd4 22. Qc4+ d5 23. exd5 Nxd5 24. Nc5 Qf7 25. Ne4 Rcd8 26. Qc5 Qg6 27. Qxa7 Nc3 28. Bxc3 dxc3 29. Qa5 Rd5 30. Qb4 Rfd8 31. Qc4 Kh8 32. Nxc3 Rc5 33. Qe4 Qd6 34. Ne2 Re5 35. Qc4 Rd5 36. Qxc6 Qe5 37. Qc4 Qe3+ 38. Kh2 h5 39. Qe4 Qf2 40. Nxf4 Rd2 41. Rxd2 Qxd2 42. Ng6+ Kg8 43. Rc2 Qd6+ 44. g3 h4 45. Ne7+ Kh8 46. Nf5 hxg3+ 47. Kg2 Qd1 48. Nxg7 Rd2+ 49. Rxd2 Qxd2+ 50. Kxg3 Kxg7 51. Kg4 Qg2+ 52. Kf5 Qxh3+ 53. Qg4 Qh7+ 54. Kxg5 Qh6+ 55. Kf5+ Kf7 56. Qc4+ Ke7 57. Qc7+ Ke8 58. f4 Qh5+ 59. Ke6 Qg4+ 60. Kf6 Qh4+ 61. Ke5 Qh5+ 62. Kd4 Qd1+ 63. Kc5 Qc1+ 64. Kb6 Qe3+ 65. Kb7 Qd2 66. a3 Qd3 67. Qc6+ Kd8 68. Qc4 Qd7+ 69. Ka8 Qd6 70. a4 Kd7 71. b4 Qf8+ 72. Kb7 Qh6 73. b5 Qh3 74. Qc8+ 1-0

[Event "SVK-chT2A 9798"]
[Site "Slovakia"]
[Date "1997.??.??"]
[Round "?"]
[White "Hukel, Juraj"]
[Black "Pobjecky, Ivan"]
[Result "1/2-1/2"]
[WhiteElo "2080"]
[BlackElo "2000"]
[PlyCount "82"]
[EventDate "1997.??.??"]
[EventType "team"]
[EventRounds "11"]
[EventCountry "SVK"]
[SourceTitle "EXT 2001"]
[Source "ChessBase"]
[SourceDate "2000.11.22"]
[SourceVersion "1"]
[SourceVersionDate "2000.11.22"]
[SourceQuality "1"]

1. c4 Nf6 2. Nc3 g6 3. g3 Bg7 4. Bg2 0-0 5. d4 d6 6. e4 Nbd7 7. Nge2 e5 8. 0-0 a5 9. b3 c6 10. Ba3 c5 11. dxc5 dxc5 12. Qd3 b6 13. Rad1 Re8 14. Bh3 Qc7 15. Nb5 Qc6 16. Nec3 Nf8 17. Bg2 Ne6 18. Nd5 Ba6 19. Nd6 Nd4 20. Nxe8 Rxe8 21. Bb2 Qd6 22. f4 Nxd5 23. exd5 exf4 24. Bxd4 Bxd4+ 25. Kh1 fxg3 26. Qxg3 Be5 27. Qf3 f6 28. Bh3 Bc8 29. Bxc8 Rxc8 30. Rde1 Rf8 31. Re2 Kg7 32. Qe4 Rf7 33. Rf3 Rf8 34. Rh3 Rf7 35. Qh4 Kg8 36. Rg2 Rg7 37. Re3 Rf7 38. Rge2 Kg7 39. Qe1 Re7 40. Qh4 Rf7 41. Qg4 Rd7 1/2-1/2

[Event "SVK-chT2A 9798"]
[Site "Slovakia"]
[Date "1997.??.??"]
[Round "?"]
[White "Sekera, Branislav"]
[Black "Pobjecky, Ivan"]
[Result "0-1"]
[WhiteElo "1845"]
[BlackElo "2000"]
[PlyCount "78"]
[EventDate "1997.??.??"]
[EventType "team"]
[EventRounds "11"]
[EventCountry "SVK"]
[SourceTitle "EXT 2001"]
[Source "ChessBase"]
[SourceDate "2000.11.22"]
[SourceVersion "1"]
[SourceVersionDate "2000.11.22"]
[SourceQuality "1"]

1. d4 Nf6 2. Nf3 g6 3. c4 Bg7 4. Nc3 0-0 5. e4 d6 6. h3 e5 7. d5 a5 8. Bd3 Nbd7 9. Be3 Nh5 10. 0-0 Nc5 11. Bc2 Bd7 12. Na4 Bxa4 13. Bxa4 Nxe4 14. Bc2 Nc5 15. Rb1 f5 16. Ng5 f4 17. Nxh7 fxe3 18. Nxf8 e2 19. Qxe2 Qxf8 20. Bxg6 Nf4 21. Qg4 Qf6 22. Bc2 Qh6 23. b3 Kh8 24. g3 Qxh3 25. Qxh3+ Nxh3+ 26. Kg2 Ng5 27. a3 e4 28. b4 axb4 29. axb4 Nd7 30. Rfe1 Bc3 31. Rh1+ Kg7 32. Rh4 Nf6 33. c5 Nf3 34. Rhh1 Nd2 35. Rbd1 Bxb4 36. cxd6 cxd6 37. Rh4 Ra2 38. Bd3 Nf3 39. Rf4 Ne1+ 0-1